Handbook of Irrigation and Drainage Systems Management, Operation, and Maintenance (Record no. 68608)
[ view plain ]
| 000 -LEADER | |
|---|---|
| fixed length control field | 00338nam a22001097a 4500 |
| 082 ## - DEWEY DECIMAL CLASSIFICATION NUMBER | |
| Classification number | 630 |
| 100 ## - MAIN ENTRY--AUTHOR NAME | |
| Personal name | Singh, Dr. C.B. |
| 245 ## - TITLE STATEMENT | |
| Title | Handbook of Irrigation and Drainage Systems Management, Operation, and Maintenance |
| 260 ## - PUBLICATION, DISTRIBUTION, ETC. (IMPRINT) | |
| Place of publication | Jaipur |
| Name of publisher | Agrotech Press |
| Year of publication | 2022 |
| 650 ## - SUBJECT ADDED ENTRY--TOPICAL TERM | |
| Topical Term | Agriculture and related technologies |
| 942 ## - ADDED ENTRY ELEMENTS (KOHA) | |
| Koha item type | Books |
| Withdrawn status | Lost status | Damaged status | Not for loan | Home library | Current library | Date acquired | Cost, normal purchase price | Full call number | Accession Number | Price effective from | Koha item type |
|---|---|---|---|---|---|---|---|---|---|---|---|
| MACL | MACL | 11/02/2026 | 2595.00 | 630/SIN | CRE040389 | 11/02/2026 | Books |









